| 000 | 01171cam a2200265 4500 | ||
|---|---|---|---|
| 001 | ABS68227 | ||
| 008 | 040920n2004 000 0 eng u | ||
| 035 | _a(Sirsi) u127462 | ||
| 100 | _aDobie, A. | ||
| 245 | _aOn the waterfront | ||
| 260 | _c2004 | ||
| 490 |
_aRICS Business _vSeptember 2004, 16-18(3) |
||
| 520 | _aGives a detailed account of how surveyors have marketed the available space at the new landmark More London scheme, overlooking London's Tower Bridge, the first completed building of which was City Hall, occupied in June 2002. The completed scheme will include 200 000 m2 of office space, a 225 room hotel, a children's theatre, shops, restaurants and bars. £35m has been spent to date on infrastructure including public spaces and landscaping. Third in a series of three articles on the construction life cycle (see also Abs67895 and Abs67996). | ||
| 590 | _aABS | ||
| 590 | _aABS | ||
| 650 | _aPRE-LETS | ||
| 650 | _aSOUTH BANK OF LONDON | ||
| 650 | _aMARKETING | ||
| 650 | _aMIXED-USE DEVELOPMENTS | ||
| 650 | _aMORE LONDON | ||
| 650 | _aTOWER BRIDGE | ||
| 650 | _aLONDON | ||
| 690 | _aCOMMERCIAL PROPERTY-MARKET | ||
| 942 | _n0 | ||
| 999 |
_c118020 _d118020 |
||